000 00319nam a2200133Ia 4500
005 20250404065210.0
008 240331s9999 xx 000 0 und d
082 _bSEL
_a894
100 _aSelvarajan, S
245 0 _aOorandankap paadalkal
260 _aFrance
_bRajani Publication
_c1992
300 _a95 p .,
942 _cL
999 _c3815
_d3815